[Event "Hennebont Grand Prix"]
[Site "Hennebont"]
[Date "2006.08.05"]
[Round "2"]
[White "Gourlaouen, Guillaume"]
[Black "Le Calve, Jean"]
[Result "1-0"]
[WhiteElo "2013"]
[BlackElo "1790"]
[PlyCount "39"]
[EventDate "2006.08.05"]
[EventType "swiss"]
[EventRounds "7"]
[EventCountry "FRA"]
[SourceTitle "EXT 2007"]
[Source "ChessBase"]
[SourceDate "2006.11.23"]
[SourceVersion "1"]
[SourceVersionDate "2006.11.23"]
[SourceQuality "1"]

1. d4 Nf6 2. Bg5 e6 3. e4 Be7 4. Nd2 c6 5. e5 Nd5 6. Bxe7 Qxe7 7. Ne4 0-0 8. Nd6 b6 9. c4 Nc7 10. Bd3 Qg5 11. Nf3 Qh6 12. g4 Qf4 13. g5 c5 14. Rg1 f5 15. gxf6 g6 16. Bxg6 hxg6 17. Rxg6+ Kh7 18. Qd3 Kh8 19. Ng5 Qxd4 20. Qh3+ 1-0

[Event "Hennebont Grand Prix"]
[Site "Hennebont"]
[Date "2006.08.05"]
[Round "3"]
[White "Le Calve, Jean"]
[Black "Primault, Loic"]
[Result "1-0"]
[WhiteElo "1790"]
[BlackElo "1499"]
[PlyCount "79"]
[EventDate "2006.08.05"]
[EventType "swiss"]
[EventRounds "7"]
[EventCountry "FRA"]
[SourceTitle "EXT 2007"]
[Source "ChessBase"]
[SourceDate "2006.11.23"]
[SourceVersion "1"]
[SourceVersionDate "2006.11.23"]
[SourceQuality "1"]

1. e4 c5 2. Nf3 d6 3. c4 g6 4. Be2 Nf6 5. Nc3 Bg7 6. 0-0 0-0 7. d3 Re8 8. Bg5 Nbd7 9. Qd2 b6 10. Bh6 Bh8 11. Nh4 e5 12. Qg5 Nf8 13. Qe3 a6 14. f4 Bg4 15. Bg5 Bxe2 16. Qxe2 exf4 17. Bxf4 Nh5 18. Qf2 Bd4 19. Be3 Bxe3 20. Qxe3 Qxh4 21. Nd5 Ra7 22. Qf3 Nd7 23. Qxf7+ Kh8 24. Qxe8+ Kg7 25. Rf7+ Kh6 26. Rxd7 Rxd7 27. Qxd7 Nf6 28. Qh3 Qxh3 29. gxh3 Nd7 30. Rf1 Kg7 31. Nf4 Kh6 32. Kf2 Ne5 33. Ke3 g5 34. Ng2 Kh5 35. Rf6 b5 36. cxb5 axb5 37. Rxd6 c4 38. Rd5 Nc6 39. dxc4 bxc4 40. Rc5 1-0